| 000 | 02103nam a22003374i 4500 | ||
|---|---|---|---|
| 001 | 991061103797306706 | ||
| 003 | ES-BaIT | ||
| 005 | 20260424141506.0 | ||
| 008 | 240326e202401 spca|||| |||| 000 0 spa|c | ||
| 020 | _a9788412802023 | ||
| 040 |
_aES-BaMCB _bcat _erda _cES-BaMCB |
||
| 080 | _a069.01 | ||
| 100 | 1 |
_aEgaña, Lucía, _d1979- _eautor _9169317 |
|
| 245 | 1 | 3 |
_aLa Cultura no es una autopista, los museos podrían ser jardines : _btoma de decisiones y distribución de recursos en el ámbito de la producción artística y cultural / _cLucía Egaña Rojas y Giuliana Racco |
| 264 | 1 |
_aBarcelona : _bLucía Egaña Rojas y Giuliana Racco, _cenero 2024 |
|
| 300 |
_a166 pàgines : _bil·lustracions ; _c18 cm |
||
| 336 |
_atext _btxt _2rdacontent |
||
| 336 |
_aimatge fixa _bsti _2rdacontent |
||
| 337 |
_asense mediació _bn _2rdamedia |
||
| 338 |
_avolum _bnc _2rdacarrier |
||
| 504 | _aBibliografia: pàgines 162-165 | ||
| 520 | _a"Este libro explora estructuras institucionales, especialmente relacionadas con la toma de decisiones en el ámbito de la producción cultural y artística y la distribución de recursos. Examinamos los diferentes ejes de discriminación basados en el origen, la raza, el género, la orientación sexual y la discapacidad, y buscamos crear herramientas y sugerencias para contribuir a un acceso equitativo a los recursos para la producción cultural y artística, así como diversificar los programas culturales creados. Al mismo tiempo, hemos buscado mecanismos para garantizar la inclusión de artistas y trabajadores culturales que “representen la diversidad” no sólo hacia afuera, sino también en las estructuras internas, en los lugares de máximo poder y de toma de decisiones del sector cultural." -- Lucía Egaña | ||
| 650 | 0 |
_aMuseus _xAspectes socials _2lemac _9120513 |
|
| 650 | 0 |
_aPostcolonialisme _2lemac _9121452 |
|
| 650 | 7 |
_aArt i societat _2lemac _956229 |
|
| 650 | 0 |
_aRacisme en l'art _2lemac _9169318 |
|
| 700 | 1 |
_aRacco, Giuliana, _d1976- _eautor _9169319 |
|
| 908 |
_aMACBA _aGCCult _aESMUC _aCDMAE |
||
| 940 | _aMACBA | ||
| 942 |
_2udc _c1 |
||
| 999 |
_c137407 _d137407 |
||